ORAL and maxillofacial pathology
Guardat en:
| Autor principal: | |
|---|---|
| Format: | Llibre |
| Idioma: | anglès |
| Publicat: |
Elsevier
2016
|
| Etiquetes: |
Afegir etiqueta
Sense etiquetes, Sigues el primer a etiquetar aquest registre!
|
MARC
| LEADER | 00000nam a22000007a 4500 | ||
|---|---|---|---|
| 008 | 201215b ||||| |||| 00| 0 eng d | ||
| 020 | |a 978-1-4557-7052-6 | ||
| 100 | |a NEVILKLE W. B.… [et al.] | ||
| 245 | |a ORAL and maxillofacial pathology |c Brad W. Neville … [et al.] |g xiii, 907p.; ill. | ||
| 250 | |b 4th ed | ||
| 260 | |b Elsevier |c 2016 |h Missouri, U.S. A |i 685087 |l RK307 .Or1 |m Mouth – Diseases |m Teeth – Diseases. |m Maxilla – Diseases. | ||
| 500 | |a It includes bibliographical references and index | ||
| 942 | |a lcc |c BK |e ADEYEYE Y. S. |f 15/12/2020 | ||
| 952 | |0 0 |1 0 |2 lcc |4 0 |6 RK0307 O R1 |7 0 |9 525 |a HOL |b HOL |c QZ |d 2020-12-15 |l 0 |o RK307 .Or1 |p 2020-2250 |r 2020-12-15 00:00:00 |w 2020-12-15 |y BK | ||
| 999 | |c 282 |d 282 | ||